[Event "Zhukovsky Winter op"]
[Site "Zhukovsky"]
[Date "2014.??.??"]
[Round "3"]
[White "Dobrovsky, Kirill"]
[Black "Batalov, Vadim"]
[Result "1/2-1/2"]
[WhiteElo "1770"]
[BlackElo "2038"]
[PlyCount "50"]
[EventDate "2014.11.22"]
[EventType "swiss"]
[EventRounds "9"]
[EventCountry "RUS"]
[SourceTitle "EXT 2016"]
[Source "ChessBase"]
[SourceDate "2015.10.08"]
[SourceVersion "1"]
[SourceVersionDate "2015.10.08"]
[SourceQuality "1"]

1. d4 e6 2. Nf3 c5 3. e4 cxd4 4. Nxd4 Nf6 5. Bd3 Bc5 6. Nb3 Bb6 7. 0-0 Nc6 8. Nc3 a6 9. Bg5 h6 10. Bh4 g5 11. Bg3 d6 12. Re1 e5 13. Nd5 Nxd5 14. exd5 Ne7 15. c4 f6 16. Qh5+ Kf8 17. h4 Bf5 18. Qf3 Bxd3 19. Qxf6+ Kg8 20. Qe6+ Kg7 21. Bxe5+ dxe5 22. Qxe5+ Kg6 23. Qe6+ Kg7 24. Qe5+ Kg6 25. Qe6+ Kg7 1/2-1/2

[Event "Zhukovsky Winter op"]
[Site "Zhukovsky"]
[Date "2014.??.??"]
[Round "6"]
[White "Rusakov, Grigorij"]
[Black "Batalov, Vadim"]
[Result "1-0"]
[WhiteElo "2174"]
[BlackElo "2038"]
[PlyCount "53"]
[EventDate "2014.11.22"]
[EventType "swiss"]
[EventRounds "9"]
[EventCountry "RUS"]
[SourceTitle "EXT 2016"]
[Source "ChessBase"]
[SourceDate "2015.10.08"]
[SourceVersion "1"]
[SourceVersionDate "2015.10.08"]
[SourceQuality "1"]

1. Nf3 c5 2. g3 Nc6 3. Bg2 e6 4. 0-0 Nge7 5. c4 Ng6 6. d4 cxd4 7. Nxd4 Be7 8. Nc3 0-0 9. b3 f5 10. Bb2 f4 11. Ndb5 fxg3 12. hxg3 a6 13. Nd6 Bf6 14. Qd2 Bg5 15. e3 Qc7 16. Nce4 Be7 17. c5 Ra7 18. Qc3 Bf6 19. Nxf6+ Rxf6 20. Ne8 Qd8 21. Nxf6+ gxf6 22. Qxf6 Qxf6 23. Bxf6 a5 24. Bc3 Kf7 25. Rfd1 Ke7 26. Be4 Nd8 27. Kg2 1-0

[Event "Zhukovsky-A 02"]
[Site "Zhukovsky"]
[Date "2011.02.09"]
[Round "3"]
[White "Batalov, Vadim"]
[Black "Shebchenko, Vladimir"]
[Result "1-0"]
[WhiteElo "2088"]
[BlackElo "1931"]
[PlyCount "95"]
[EventDate "2011.02.09"]
[EventType "swiss"]
[EventRounds "9"]
[EventCountry "RUS"]
[SourceTitle "EXT 2022"]
[Source "ChessBase"]
[SourceDate "2021.10.06"]
[SourceVersion "1"]
[SourceVersionDate "2021.10.06"]
[SourceQuality "1"]

1. c4 Nf6 2. Nc3 g6 3. e3 Bg7 4. Nge2 d6 5. Ng3 0-0 6. Be2 e5 7. d3 c6 8. Bd2 Be6 9. b3 d5 10. Rc1 d4 11. exd4 exd4 12. Nce4 Nxe4 13. Nxe4 f5 14. Nc5 Bc8 15. b4 b6 16. Nb3 f4 17. 0-0 Nd7 18. Re1 Ne5 19. f3 g5 20. Rc2 Bf5 21. Bc1 Qd7 22. Rf1 h5 23. a3 Rae8 24. Rf2 Re6 25. h4 Bh7 26. hxg5 Rg6 27. Bb2 Rd6 28. Qf1 Rf5 29. Nd2 Rxg5 30. Ne4 Bxe4 31. fxe4 Ng6 32. Bc1 Be5 33. c5 Rf6 34. Qd1 Qh3 35. Bf3 Nh4 36. cxb6 axb6 37. Kf1 Qh1+ 38. Ke2 Qh2 39. Qf1 Rfg6 40. Kd1 Nxf3 41. gxf3 Rg1 42. Rxh2 Rxf1+ 43. Ke2 Rgg1 44. Bd2 Ra1 45. Rxc6 h4 46. Rh6 Bf6 47. Rxf6 h3 48. Rxf4 1-0

[Event "Zhukovsky-A 02"]
[Site "Zhukovsky"]
[Date "2011.02.09"]
[Round "4"]
[White "Borzov, Roman"]
[Black "Batalov, Vadim"]
[Result "1-0"]
[WhiteElo "1985"]
[BlackElo "2088"]
[PlyCount "120"]
[EventDate "2011.02.09"]
[EventType "swiss"]
[EventRounds "9"]
[EventCountry "RUS"]
[SourceTitle "EXT 2022"]
[Source "ChessBase"]
[SourceDate "2021.10.06"]
[SourceVersion "1"]
[SourceVersionDate "2021.10.06"]
[SourceQuality "1"]

1. e4 c5 2. Nf3 Nc6 3. d4 cxd4 4. Nxd4 e6 5. Nc3 Nf6 6. Be2 Bb4 7. Qd3 a6 8. 0-0 h6 9. f4 Bc5 10. Be3 b5 11. e5 Nh7 12. Ne4 Nb4 13. Qd2 Be7 14. f5 Nd5 15. fxe6 dxe6 16. Nc6 Qc7 17. Nxe7 Kxe7 18. Bc5+ Kd8 19. Qd4 Rb8 20. Rad1 Qd7 21. Nd6 f6 22. Bh5 Rg8 23. Nf7+ Kc7 24. Bd6+ Kb7 25. Bxb8 Kxb8 26. Nd6 Qc7 27. c4 fxe5 28. Qxe5 bxc4 29. Rf7 Bd7 30. Nxc4 Nhf6 31. Qxc7+ Kxc7 32. Ne5 Kd6 33. Nxd7 Nxd7 34. Be2 a5 35. Bc4 Ne5 36. Rf4 Rc8 37. Bb3 Rc7 38. Rf8 Nc6 39. Bxd5 exd5 40. Rf5 Ne5 41. Rd2 Rc4 42. Rf8 Rc5 43. Rg8 g6 44. Rd8+ Nd7 45. Kf2 Ke7 46. Ra8 Nf6 47. Re2+ Ne4+ 48. Ke3 Ke6 49. Ra6+ Kf5 50. Kd4 Rb5 51. a4 Rb4+ 52. Kxd5 Rxa4 53. g4+ Kf4 54. Rxg6 Rb4 55. Rxh6 a4 56. Rxe4+ Rxe4 57. Rf6+ Ke3 58. Re6 Rxe6 59. Kxe6 Kd3 60. g5 Kc2 1-0

[Event "Zhukovsky-chA"]
[Site "Zhukovsky"]
[Date "2010.04.01"]
[Round "9"]
[White "Batalov, Vadim"]
[Black "Poplevin, Alexander"]
[Result "0-1"]
[WhiteElo "2090"]
[BlackElo "2101"]
[PlyCount "112"]
[EventDate "2010.04.01"]
[EventType "swiss"]
[EventRounds "9"]
[EventCountry "RUS"]
[SourceTitle "EXT 2022"]
[Source "ChessBase"]
[SourceDate "2021.10.06"]
[SourceVersion "1"]
[SourceVersionDate "2021.10.06"]
[SourceQuality "1"]

1. e4 c6 2. f4 d5 3. Nc3 d4 4. Nce2 c5 5. Nf3 Nc6 6. Ng3 Bg4 7. Bc4 Nh6 8. a3 e5 9. d3 Bd6 10. f5 Ng8 11. h3 Bxf3 12. Qxf3 Nf6 13. Bg5 Qa5+ 14. Kf2 Be7 15. Rhf1 h6 16. Bxf6 Bxf6 17. Nh5 Qd2+ 18. Qe2 Qxe2+ 19. Kxe2 Ke7 20. Rab1 a5 21. Bd5 Rhc8 22. c3 Rab8 23. Rfc1 Bg5 24. Rc2 Kf8 25. Rf1 a4 26. Rf3 Be3 27. Rg3 Bg5 28. h4 Bf6 29. Nxf6 gxf6 30. h5 Ne7 31. Ba2 b5 32. cxd4 Nc6 33. dxe5 Nd4+ 34. Kd2 Nxc2 35. Kxc2 fxe5 36. Rf3 Rb6 37. Rf2 Kg7 38. Bd5 Kf6 39. g4 Rg8 40. Rg2 Rg7 41. b3 axb3+ 42. Kxb3 Rg8 43. Rc2 Rc8 44. Rh2 Rc7 45. Kc3 Kg5 46. Rg2 f6 47. Bb3 Rg7 48. Bd1 b4+ 49. axb4 cxb4+ 50. Kb2 Rd7 51. Be2 b3 52. Bf1 Ra7 53. Kb1 Ra2 54. Rxa2 bxa2+ 55. Kxa2 Kxg4 56. Be2+ Kf4 0-1

[Event "Zhukovsky op-A 05"]
[Site "Zhukovsky"]
[Date "2009.05.??"]
[Round "4"]
[White "Batalov, Vadim"]
[Black "Andreev, Gennadiy"]
[Result "1-0"]
[WhiteElo "2090"]
[BlackElo "2090"]
[PlyCount "107"]
[EventDate "2009.05.??"]
[EventType "swiss"]
[EventRounds "9"]
[EventCountry "RUS"]
[SourceTitle "EXT 2012"]
[Source "ChessBase"]
[SourceDate "2011.11.24"]
[SourceVersion "1"]
[SourceVersionDate "2011.11.24"]
[SourceQuality "1"]

1. e4 c5 2. f4 Nc6 3. Nf3 d6 4. c3 Nf6 5. d3 e5 6. Be2 Be7 7. 0-0 0-0 8. Na3 a6 9. Nc4 Qc7 10. fxe5 dxe5 11. Bg5 Ng4 12. Bxe7 Nxe7 13. Ng5 Nf6 14. Ne3 h6 15. Nf3 Rd8 16. Qc2 b5 17. c4 bxc4 18. Nxc4 Nc6 19. Rae1 Bg4 20. Qc3 Bxf3 21. Rxf3 Nd4 22. Rf2 Rd7 23. Rc1 Rad8 24. Bf1 Ng4 25. Rd2 Nb5 26. Qc2 Nf6 27. Qd1 Nd4 28. Qe1 Ne6 29. g3 h5 30. Qf2 Ng4 31. Qg2 f5 32. exf5 Nd4 33. h3 Nf6 34. Rf2 Re8 35. Re1 Rde7 36. g4 hxg4 37. hxg4 e4 38. Re3 Nf3+ 39. Rexf3 exf3 40. Rxf3 Nd5 41. Qf2 Rf7 42. Nd2 Qe7 43. Ne4 c4 44. g5 Qe5 45. Qh4 g6 46. f6 Rh7 47. f7+ Rxf7 48. Rxf7 Kxf7 49. Qh7+ Kf8 50. Qxg6 Re6 51. Qh5 Nf4 52. Qf3 Kg7 53. Ng3 Qe3+ 54. Qxe3 1-0

[Event "Zhukovsky op-A"]
[Site "Zhukovsky"]
[Date "2008.11.28"]
[Round "4"]
[White "Batalov, Vadim"]
[Black "Tarabtsev, Ivan"]
[Result "0-1"]
[WhiteElo "2040"]
[BlackElo "1938"]
[PlyCount "64"]
[EventDate "2008.11.28"]
[EventType "swiss"]
[EventRounds "9"]
[EventCountry "RUS"]
[SourceTitle "EXT 2022"]
[Source "ChessBase"]
[SourceDate "2021.10.06"]
[SourceVersion "1"]
[SourceVersionDate "2021.10.06"]
[SourceQuality "1"]

1. e4 c5 2. f4 d5 3. Nc3 dxe4 4. Nxe4 e6 5. Nf3 Be7 6. d3 Nf6 7. Be2 Nc6 8. c3 b5 9. 0-0 Bb7 10. Nfg5 0-0 11. Qe1 h6 12. Nh3 Ba6 13. Nxf6+ Bxf6 14. Qg3 Ne7 15. Nf2 Ng6 16. Ng4 Bh4 17. Qh3 Rb8 18. Bd2 Qd5 19. f5 exf5 20. Rxf5 Qe6 21. Be3 Rbd8 22. c4 Bc8 23. Rh5 Bg5 24. Rxg5 hxg5 25. Re1 Nf4 26. Bxf4 gxf4 27. Qh4 Rfe8 28. Kf1 Bb7 29. Qg5 f3 30. gxf3 Bxf3 31. Nf6+ Qxf6 32. Qxf6 Bxe2+ 0-1

[Event "Zhukovsky op-A"]
[Site "Zhukovsky"]
[Date "2008.11.28"]
[Round "9"]
[White "Onishchenko, Mikhail"]
[Black "Batalov, Vadim"]
[Result "0-1"]
[WhiteElo "1938"]
[BlackElo "2040"]
[PlyCount "188"]
[EventDate "2008.11.28"]
[EventType "swiss"]
[EventRounds "9"]
[EventCountry "RUS"]
[SourceTitle "EXT 2022"]
[Source "ChessBase"]
[SourceDate "2021.10.06"]
[SourceVersion "1"]
[SourceVersionDate "2021.10.06"]
[SourceQuality "1"]

1. d4 e6 2. Nf3 c5 3. e3 cxd4 4. exd4 d5 5. Bd3 Bd6 6. 0-0 Ne7 7. Re1 Nbc6 8. c3 Qc7 9. Qe2 h6 10. h4 Ng6 11. h5 Nf4 12. Bxf4 Bxf4 13. g3 Bd6 14. Nbd2 0-0 15. Bc2 f5 16. Ne5 Nxe5 17. dxe5 Bc5 18. Nf3 Qe7 19. Kg2 Bd7 20. Rh1 Bc6 21. Rh4 Rad8 22. Nd4 Bxd4 23. cxd4 a6 24. a3 Rc8 25. Rg1 Rc7 26. Kh3 Bb5 27. Qd2 Rfc8 28. Bd1 Rc1 29. g4 Ba4 30. gxf5 exf5 31. Rf4 Bxd1 32. Rxd1 R1c2 33. Qe3 Rxb2 34. Rg1 Rbc2 35. Qg3 R2c3 36. f3 Qf7 37. Kh2 Rc2+ 38. Kh1 Rc1 39. Qh3 Rxg1+ 40. Kxg1 Rf8 41. Kf2 Qd7 42. Kg3 Qc8 43. Qh4 Qe6 44. Kh3 b5 45. Qg3 a5 46. Qg6 Qc8 47. Qd6 Qc4 48. e6 b4 49. e7 Qf1+ 50. Kh2 Qe2+ 51. Kg1 Re8 52. Qxd5+ Kh8 53. Rxf5 Qxe7 54. Re5 Qf8 55. axb4 axb4 56. Qc5 Rb8 57. Qxf8+ Rxf8 58. Kf2 Rb8 59. Re2 Kg8 60. Rb2 Kf7 61. Ke3 Ke6 62. Ke4 Kd6 63. f4 b3 64. f5 Rb5 65. Kd3 Kd5 66. Kc3 Rb7 67. Kd3 Rb4 68. Kc3 Rb6 69. Kd3 Rb7 70. Kc3 Ke4 71. Re2+ Kxf5 72. Kb2 Rb5 73. Rg2 Kf6 74. Rf2+ Ke6 75. Rg2 Rb7 76. Rg4 Kd5 77. Rf4 Kc4 78. Rg4 Ra7 79. d5+ Kxd5 80. Kxb3 Rc7 81. Rg6 Ke4 82. Kb4 Kf4 83. Kb5 Rf7 84. Kc6 Rf6+ 85. Rxf6+ gxf6 86. Kd6 Kg4 87. Ke6 f5 88. Kf6 f4 89. Kg6 f3 90. Kxh6 f2 91. Kg6 f1Q 92. h6 Qf8 93. Kh7 Qf7+ 94. Kh8 Kg5 0-1

[Event "Zhukovsky Elo-B"]
[Site "Zhukovsky"]
[Date "2008.01.12"]
[Round "6"]
[White "Marchukov, Dmitry"]
[Black "Batalov, Vadim"]
[Result "1-0"]
[WhiteElo "2083"]
[BlackElo "2073"]
[PlyCount "117"]
[EventDate "2008.01.02"]
[EventType "tourn"]
[EventRounds "9"]
[EventCountry "RUS"]
[SourceTitle "EXT 2010"]
[Source "ChessBase"]
[SourceDate "2010.11.25"]
[SourceVersion "1"]
[SourceVersionDate "2010.11.25"]
[SourceQuality "1"]

1. c4 e6 2. Nc3 c5 3. g3 Nc6 4. Bg2 Nf6 5. Nf3 Be7 6. 0-0 0-0 7. e3 d6 8. d4 cxd4 9. Nxd4 Bd7 10. Ndb5 Be8 11. b3 a6 12. Nd4 Rb8 13. Bb2 Bd7 14. Ne4 Ne8 15. Ne2 f5 16. N4c3 Nf6 17. Nf4 Qc7 18. Qe2 Rbd8 19. Rfd1 Bc8 20. Rac1 Qd7 21. Na4 Qc7 22. Nc3 Ne5 23. Rd2 Ng6 24. Rcd1 b6 25. Ba3 Nh8 26. e4 Ng6 27. Nh5 Nxh5 28. Qxh5 f4 29. f3 Bb7 30. Bh3 Rf6 31. Ne2 fxg3 32. hxg3 Ne5 33. Nd4 Bc8 34. Nxe6 Bxe6 35. Bxd6 Bxd6 36. Rxd6 Nf7 37. Rxd8+ Nxd8 38. Qe8+ Rf8 39. Bxe6+ Nxe6 40. Qxe6+ Kh8 41. Kg2 h6 42. Rd7 Qc8 43. Qe7 Rg8 44. e5 Qc6 45. Rd8 Qg6 46. Rxg8+ Kxg8 47. Qd8+ Kh7 48. Qd2 Qf5 49. Qe2 Qe6 50. Qe4+ Kh8 51. Qd5 Qf5 52. Qa8+ Kh7 53. Qe4 Qxe4 54. fxe4 h5 55. b4 Kg6 56. Kf3 Kf7 57. Kf4 Ke6 58. c5 bxc5 59. bxc5 1-0

[Event "Zhukovsky op"]
[Site "Zhukovsky"]
[Date "2008.??.??"]
[Round "2"]
[White "Marchukov, Dmitriy"]
[Black "Batalov, Vadim"]
[Result "1-0"]
[WhiteElo "2078"]
[BlackElo "2050"]
[PlyCount "89"]
[EventDate "2008.08.22"]
[EventType "swiss"]
[EventRounds "9"]
[EventCountry "RUS"]
[SourceTitle "CBM 126 Extra"]
[Source "ChessBase"]
[SourceDate "2008.11.05"]
[SourceVersion "1"]
[SourceVersionDate "2008.11.05"]
[SourceQuality "1"]

1. c4 e6 2. d4 c5 3. Nf3 cxd4 4. Nxd4 Nc6 5. e3 Bc5 6. Nb5 a6 7. Nd6+ Bxd6 8. Qxd6 Nge7 9. Bd3 0-0 10. 0-0 f5 11. Nc3 Ng6 12. b3 b6 13. Bb2 Bb7 14. Ne2 Nh4 15. Qg3 Qe7 16. Nf4 Rf7 17. Rad1 Rd8 18. f3 a5 19. Nh5 e5 20. f4 e4 21. Be2 Ng6 22. c5 Nf8 23. Bc4 Ne6 24. Bxe6 dxe6 25. Rxd8+ Nxd8 26. Nxg7 Rxg7 27. Bxg7 Qxg7 28. Qxg7+ Kxg7 29. Rd1 Nf7 30. Rd7 bxc5 31. Rxb7 Kf6 32. Ra7 e5 33. fxe5+ Nxe5 34. h3 c4 35. Rxa5 cxb3 36. Rxe5 Kxe5 37. axb3 f4 38. Kf2 Kf5 39. b4 fxe3+ 40. Kxe3 Ke5 41. b5 Kd5 42. b6 Kc6 43. Kxe4 Kxb6 44. Ke5 Kc6 45. Kf6 1-0